000
00268nam a2200121 a 4500
001
4140
005
20140414132038.0
008
090218s19uu xx 00 eng d
050
_a
TR
_b
W62 1994
100
_a
Christensen, Nancy
245
_a
Who am I.
999
_c
113771
_d
113771